La necesidad y el placer de leer /
Guardat en:
| Autor principal: | |
|---|---|
| Format: | Llibre |
| Idioma: | Spanish |
| Publicat: |
Madrid
Editorial Popular
Madrid Ministerio de Cultura. Dirección General de Cooperación Cultural |
| Col·lecció: | Promoción cultural
|
| Matèries: | |
| Etiquetes: |
Afegir etiqueta
Sense etiquetes, Sigues el primer a etiquetar aquest registre!
|
MARC
| LEADER | 00000nam a22000007a 4500 | ||
|---|---|---|---|
| 003 | cru CIDCACS/IIS | ||
| 005 | 20200925161220.0 | ||
| 008 | 170217b1988 xxu||||| |||| 00| ||spa d | ||
| 020 | |a 84-86524-68-7 | ||
| 040 | |c CRAI/IIS |a CRAI/IIS | ||
| 090 | |a 000.000 P00n | ||
| 100 | 1 | |9 2738 |a Pérez Rioja, José Antonio | |
| 245 | 1 | 3 | |a La necesidad y el placer de leer / |c José Antonio Pérez-Rioja |
| 260 | |a Madrid |b Editorial Popular | ||
| 260 | |a Madrid |b Ministerio de Cultura. Dirección General de Cooperación Cultural | ||
| 300 | |a 143 páginas | ||
| 440 | |9 2518 |a Promoción cultural |n 9 | ||
| 500 | |a Colección Alforja | ||
| 650 | 1 | 0 | |9 2739 |a LECTURA |
| 942 | |2 ddc |c LI | ||
| 999 | |c 18907 |d 18907 | ||



